| 000 | 01625nam a2200349Ia 4500 | ||
|---|---|---|---|
| 001 | ebr10361499 | ||
| 003 | CaPaEBR | ||
| 006 | m u | ||
| 007 | cr cn||||||||| | ||
| 008 | 090716s2009 njua sb 100 0 eng d | ||
| 010 | _z 2009288040 | ||
| 020 | _z9789814271721 | ||
| 020 | _z9814271721 | ||
| 040 |
_aCaPaEBR _cCaPaEBR |
||
| 035 | _a(OCoLC)608624670 | ||
| 050 | 1 | 4 |
_aQC793.3.B4 _bR37 2007eb |
| 245 | 0 | 0 |
_aRare isotopes and fundamental symmetries _h[electronic resource] : _bproceedings of the Fourth Argonne/INT/MSU/JINA FRIB Theory Workshop, Institute for Nuclear Theory, University of Washington, USA, 19-22 September 2007 / _ceditors, B. Alex Brown ... [et al.]. |
| 260 |
_aNew Jersey : _bWorld Scientific, _cc2009. |
||
| 300 |
_axiii, 202 p. : _bill. |
||
| 490 | 1 |
_aProceedings from the Institute for Nuclear Theory ; _vvol. 16 |
|
| 504 | _aIncludes bibliographical references. | ||
| 533 |
_aElectronic reproduction. _bPalo Alto, Calif. : _cebrary, _d2011. _nAvailable via World Wide Web. _nAccess may be limited to ebrary affiliated libraries. |
||
| 650 | 0 |
_aRadioactive nuclear beams _vCongresses. |
|
| 650 | 0 |
_aSymmetry (Physics) _vCongresses. |
|
| 650 | 0 |
_aIsotopes _vCongresses. |
|
| 655 | 7 |
_aElectronic books. _2local |
|
| 700 | 1 |
_aBrown, B. A. _q(Boyd A.) |
|
| 710 | 2 | _aebrary, Inc. | |
| 711 | 2 |
_aANL/MSU/JINA/INT FRIB Workshop _n(4th : _d2007 : _cInstitute for Nuclear Theory) |
|
| 830 | 0 |
_aProceedings from the Institute for Nuclear Theory ; _vvol. 16. |
|
| 856 | 4 | 0 |
_uhttp://site.ebrary.com/lib/rucke/Doc?id=10361499 _zAn electronic book accessible through the World Wide Web; click to view |
| 999 |
_c106230 _d106230 |
||